Biblioteca y Centro de Documentación

Desigualdades insostenibles (Registro nro. 52658)

Detalles MARC
000 -CABECERA
Longitud fija campo de control 01715 a2200481 4500
001 - NÚMERO DE CONTROL
Número de control 52658
003 - IDENTIFICADOR DE NÚMERO DE CONTROL
Identificador del número de control ES-MaCES
005 - FECHA Y HORA DE LA ÚLTIMA TRANSACCIÓN
Fecha y hora de la última transacción 20250203133240.0
008 - CAMPO FIJO DE DESCRIPCIÓN FIJA--INFORMACIÓN GENERAL
Códigos de información de longitud fija   230213s2022 sp ||||| |||||||||||spa|d
017 ## - NÚMERO DE REGISTRO DE DERECHOS DE AUTOR Y DEPÓSITO LEGAL
Número de copyright o de depósito legal M 20681-2022
Agencia que asigna el número DL
020 ## - ISBN (INTERNATIONAL STANDARD BOOK NUMBER)
Número Internacional Normalizado para Libros (ISBN) 9788413525211
040 ## - FUENTE DE CATALOGACIÓN
Centro catalogador de origen ES-MaCES
Lengua de catalogación spa
Centro transcriptor ES-MaCES
041 1# - CÓDIGO DE IDIOMA
Código de lengua del texto;banda sonora o título independiente spa
Código de lengua original fre
100 1# - ENCABEZAMIENTO PRINCIPAL--NOMBRE PERSONAL
Nombre de persona Chancel, Lucas
9 (RLIN) 40621
245 10 - MENCIÓN DE TÍTULO
Título Desigualdades insostenibles
Resto del título : por una justicia social y ecológica
Mención de responsabilidad, etc. Lucas Chancel ; tr. de Silvia López y Javier Roma
250 ## - MENCIÓN DE EDICIÓN
Mención de edición 2ª ed
260 ## - PUBLICACIÓN, DISTRIBUCIÓN, ETC (PIE DE IMPRENTA)
Lugar de publicación, distribución, etc. Madrid
Nombre del editor, distribuidor, etc. Fuhem Ecosocial
-- Los libros de la catarata
Fecha de publicación, distribución, etc. [2022]
300 ## - DESCRIPCIÓN FÍSICA
Extensión 185 p.
Dimensiones 22 cm
490 1# - MENCIÓN DE SERIE
Mención de serie Economía inclusiva
Designación de volumen o secuencia 004
500 ## - NOTA GENERAL
Nota general Traducción de: Insoutenables inégalités, pour une justice sociale et environnementale
504 ## - NOTA DE BIBLIOGRAFÍA, ETC.
Nota de bibliografía, etc. Bibliografía: p. 121-125
541 ## - NOTA DE LA FUENTE INMEDIANTE DE ADQUISICIÓN
Forma de adquisición Compra
650 #7 - ASIENTO SECUNDARIO DE MATERIA--TÉRMINO DE MATERIA
9 (RLIN) 29371
Término de materia o nombre geográfico como elemento inicial desigualdad económica
650 #7 - ASIENTO SECUNDARIO DE MATERIA--TÉRMINO DE MATERIA
9 (RLIN) 30789
Término de materia o nombre geográfico como elemento inicial desigualdad social
650 #7 - ASIENTO SECUNDARIO DE MATERIA--TÉRMINO DE MATERIA
9 (RLIN) 30629
Término de materia o nombre geográfico como elemento inicial exclusión social
650 #7 - ASIENTO SECUNDARIO DE MATERIA--TÉRMINO DE MATERIA
9 (RLIN) 29422
Término de materia o nombre geográfico como elemento inicial política ambiental
650 #7 - ASIENTO SECUNDARIO DE MATERIA--TÉRMINO DE MATERIA
9 (RLIN) 29423
Término de materia o nombre geográfico como elemento inicial protección ambiental
650 #7 - ASIENTO SECUNDARIO DE MATERIA--TÉRMINO DE MATERIA
9 (RLIN) 30785
Término de materia o nombre geográfico como elemento inicial desarrollo sostenible
650 #7 - ASIENTO SECUNDARIO DE MATERIA--TÉRMINO DE MATERIA
9 (RLIN) 27025
Término de materia o nombre geográfico como elemento inicial política económica
650 #7 - ASIENTO SECUNDARIO DE MATERIA--TÉRMINO DE MATERIA
9 (RLIN) 27029
Término de materia o nombre geográfico como elemento inicial política social
650 #7 - ASIENTO SECUNDARIO DE MATERIA--TÉRMINO DE MATERIA
9 (RLIN) 29234
Término de materia o nombre geográfico como elemento inicial desarrollo económico y social
650 #7 - ASIENTO SECUNDARIO DE MATERIA--TÉRMINO DE MATERIA
9 (RLIN) 29849
Término de materia o nombre geográfico como elemento inicial economía del bienestar
650 #7 - ASIENTO SECUNDARIO DE MATERIA--TÉRMINO DE MATERIA
9 (RLIN) 27076
Término de materia o nombre geográfico como elemento inicial teoría económica
650 #7 - ASIENTO SECUNDARIO DE MATERIA--TÉRMINO DE MATERIA
9 (RLIN) 27032
Término de materia o nombre geográfico como elemento inicial teoría social
650 #7 - ASIENTO SECUNDARIO DE MATERIA--TÉRMINO DE MATERIA
9 (RLIN) 28841
Término de materia o nombre geográfico como elemento inicial investigación interdisciplinaria
653 10 - TÉRMINO DE INDEXACIÓN--NO CONTROLADO
Término no controlado Economía
700 1# - ENCABEZAMIENTO SECUNDARIO--NOMBRE PERSONAL
9 (RLIN) 40631
Nombre de persona López, Silvia
Término indicativo de función tr.
700 1# - ENCABEZAMIENTO SECUNDARIO--NOMBRE PERSONAL
9 (RLIN) 40623
Nombre de persona Roma, Javier
Término indicativo de función tr.
740 02 - ENCABEZAMIENTO SECUNDARIO--TÍTULO ANALÍTICO/RELACIONADO NO CONTROLADO
Título relacionado o analítico no controlado Insoutenables inégalités, pour une justice sociale et environnementale
830 #0 - ENCABEZAMIENTO SECUNDARIO DE COLECCIÓN--TÍTULO UNIFORME
Título uniforme Economía inclusiva
9 (RLIN) 40622
Designación de volumen o secuencia 004
902 ## - CES. TIPO DE DOCUMENTO
Tipodoc (006$c Sirtex) LIB Libro
942 ## - ELEMENTOS KOHA
Fuente de clasificaión o esquema Clasificación propia del CES
Koha [por defecto] tipo de item Monografías
Parte de clasificación Economía
Existencias
Número de registro Signatura completa Tipo de item de Koha
092974 SG-0.0.-809 Monografías
© CES, Consejo Económico y Social de España 2021